[Event "RUS-ch U18"]
[Site "Dagomys"]
[Date "2009.04.17"]
[Round "3"]
[White "Klimov, Anton"]
[Black "Kuzmin, Nikolai"]
[Result "1-0"]
[WhiteElo "2432"]
[BlackElo "2091"]
[PlyCount "131"]
[EventDate "2009.04.15"]
[EventType "swiss"]
[EventRounds "9"]
[EventCountry "RUS"]
[SourceTitle "CBM 130 Extra"]
[Source "ChessBase"]
[SourceDate "2009.07.02"]
[SourceVersion "2"]
[SourceVersionDate "2009.07.15"]
[SourceQuality "1"]

1. d4 Nf6 2. c4 g6 3. Nc3 Bg7 4. e4 d6 5. Be2 0-0 6. Nf3 Nbd7 7. Be3 Ng4 8. Bg5 h6 9. Bh4 c5 10. 0-0 a6 11. Qd2 cxd4 12. Nxd4 Ngf6 13. f3 Kh7 14. Kh1 Ne5 15. Rfd1 g5 16. Bf2 Ng6 17. Nc2 Bd7 18. Ne3 Rb8 19. a4 Be6 20. a5 Qd7 21. Ned5 Ne5 22. Nb6 Qd8 23. Rac1 Nfd7 24. Ncd5 f5 25. exf5 Bxf5 26. Be3 Nxb6 27. Bxb6 Qe8 28. b4 Rc8 29. c5 Qf7 30. Ne3 dxc5 31. Nxf5 Qxf5 32. Rxc5 Rxc5 33. Bxc5 Rf7 34. Rc1 e6 35. Bd1 Kg8 36. Bc2 Qf4 37. Qxf4 gxf4 38. Rd1 Rd7 39. Rd6 Kf7 40. Be4 Rxd6 41. Bxd6 Nc6 42. Bxf4 e5 43. Bd2 Bf8 44. g3 Ke6 45. Kg2 Kd7 46. g4 Kc7 47. Bxc6 Kxc6 48. h4 Kd5 49. h5 e4 50. Kf2 Kd4 51. Ke2 Bg7 52. Be3+ Kc4 53. Bc5 exf3+ 54. Kxf3 Kd5 55. Kf4 Ke6 56. Ke4 Bf6 57. Be3 Be7 58. Bd2 Bd6 59. Kd4 Be7 60. Kc4 Bf8 61. Be3 Kd7 62. Bc5 Bg7 63. Kd5 Bf6 64. Be3 Bg7 65. g5 hxg5 66. Bxg5 1-0

[Event "RUS-ch U18"]
[Site "Dagomys"]
[Date "2009.04.16"]
[Round "2"]
[White "Shcherbin, Matvei"]
[Black "Klimov, Anton"]
[Result "1/2-1/2"]
[WhiteElo "2271"]
[BlackElo "2432"]
[PlyCount "70"]
[EventDate "2009.04.15"]
[EventType "swiss"]
[EventRounds "9"]
[EventCountry "RUS"]
[SourceTitle "CBM 130 Extra"]
[Source "ChessBase"]
[SourceDate "2009.07.02"]
[SourceVersion "2"]
[SourceVersionDate "2009.07.15"]
[SourceQuality "1"]

1. e4 c5 2. c3 Nf6 3. e5 Nd5 4. d4 cxd4 5. cxd4 d6 6. Bc4 Nb6 7. Bb5+ Nc6 8. Nf3 dxe5 9. Nxe5 Bd7 10. Nxd7 Qxd7 11. Nc3 e6 12. 0-0 Be7 13. Qg4 0-0 14. Bxc6 bxc6 15. Bh6 Bf6 16. Rfd1 Rad8 17. Ne4 Qe7 18. Rac1 Kh8 19. Bf4 Nd5 20. Nxf6 Nxf6 21. Qf3 Rd5 22. Rxc6 Qb4 23. Be5 Nd7 24. b3 Rxe5 25. dxe5 Nxe5 26. Qc3 Nxc6 27. Qxc6 Qa5 28. Qc2 Rd8 29. Rxd8+ Qxd8 30. h3 h6 31. Qe2 Kg8 32. Qe3 Qd1+ 33. Kh2 Qd6+ 34. Kg1 Qd1+ 35. Kh2 Qd6+ 1/2-1/2

[Event "Wch U18"]
[Site "Vung Tau"]
[Date "2008.10.27"]
[Round "8"]
[White "Schiendorfer, Emanuel"]
[Black "Klimov, Anton"]
[Result "1-0"]
[WhiteElo "2240"]
[BlackElo "2451"]
[PlyCount "57"]
[EventDate "2008.10.20"]
[EventType "swiss"]
[EventRounds "11"]
[EventCountry "VIE"]
[SourceTitle "EXT 2009"]
[Source "ChessBase"]
[SourceDate "2008.11.26"]
[SourceVersion "1"]
[SourceVersionDate "2008.11.26"]
[SourceQuality "1"]

1. d4 Nf6 2. c4 g6 3. Nc3 Bg7 4. e4 d6 5. Nf3 0-0 6. Be2 Na6 7. 0-0 e5 8. Be3 Ng4 9. Bg5 Qe8 10. c5 exd4 11. Nd5 h6 12. Bh4 g5 13. Bxa6 gxh4 14. Nxc7 Qc6 15. cxd6 bxa6 16. Rc1 Qxe4 17. Re1 Qb7 18. Nxa8 Qxa8 19. h3 Nf6 20. Nxd4 Bd7 21. Rc7 Rd8 22. Qc1 Nd5 23. Nc6 Bxc6 24. Rxc6 Nb4 25. Rc7 Qd5 26. Rd1 Nd3 27. Rc8 Qxd6 28. Rxd8+ Qxd8 29. Qd2 1-0

[Event "Wch U18"]
[Site "Vung Tau"]
[Date "2008.10.22"]
[Round "3"]
[White "Klimov, Anton"]
[Black "Ma, Qun"]
[Result "1/2-1/2"]
[WhiteElo "2451"]
[BlackElo "2241"]
[PlyCount "89"]
[EventDate "2008.10.20"]
[EventType "swiss"]
[EventRounds "11"]
[EventCountry "VIE"]
[SourceTitle "EXT 2009"]
[Source "ChessBase"]
[SourceDate "2008.11.26"]
[SourceVersion "1"]
[SourceVersionDate "2008.11.26"]
[SourceQuality "1"]

1. d4 d5 2. c4 c6 3. Nf3 Nf6 4. e3 Bg4 5. Nc3 e6 6. h3 Bxf3 7. Qxf3 Bb4 8. Bd3 Nbd7 9. Bd2 0-0 10. a3 Bxc3 11. Bxc3 Re8 12. 0-0 e5 13. dxe5 Nxe5 14. Qe2 dxc4 15. Bxc4 Nxc4 16. Qxc4 Nd5 17. Rad1 Qg5 18. Rd4 h5 19. Bd2 Rad8 20. Qc5 Qe7 21. Rc1 Qxc5 22. Rxc5 f5 23. f3 g6 24. Kf2 Kf7 25. b4 Nf6 26. Rxd8 Rxd8 27. Rc2 Nd5 28. Ke2 Ke6 29. Rc4 Nb6 30. Rh4 Re8 31. g4 Rh8 32. gxf5+ gxf5 33. e4 fxe4 34. Rxe4+ Kd7 35. f4 Rg8 36. Kf2 Nd5 37. Re5 h4 38. Rg5 Rxg5 39. fxg5 Ke6 40. Kf3 Kf5 41. g6 Kxg6 42. Kg4 Nb6 43. Kxh4 Nc4 44. Bc1 a5 45. bxa5 1/2-1/2

[Event "RUS-ch Higher League 61st"]
[Site "Novokuznetsk"]
[Date "2008.09.14"]
[Round "11"]
[White "Shomoev, Anton"]
[Black "Klimov, Anton"]
[Result "1/2-1/2"]
[WhiteElo "2566"]
[BlackElo "2423"]
[PlyCount "56"]
[EventDate "2008.09.03"]
[EventType "swiss"]
[EventRounds "11"]
[EventCountry "RUS"]
[SourceTitle "CBM 126"]
[Source "ChessBase"]
[SourceDate "2008.10.01"]
[SourceVersion "1"]
[SourceVersionDate "2008.10.01"]
[SourceQuality "1"]

1. d4 Nf6 2. c4 g6 3. Nc3 Bg7 4. e4 d6 5. Bd3 0-0 6. Nge2 c5 7. d5 e6 8. 0-0 exd5 9. cxd5 Nbd7 10. f4 Re8 11. h3 a6 12. a3 c4 13. Bc2 Nc5 14. Ng3 h5 15. Qf3 Qe7 16. Re1 h4 17. Nh1 Nfxe4 18. Nxe4 Bf5 19. Nhf2 Bxe4 20. Nxe4 f5 21. Be3 Nxe4 22. Bf2 Bxb2 23. Rab1 Bg7 24. a4 Rac8 25. Kh2 Nd2 26. Qd1 Ne4 27. Qf3 Nd2 28. Qd1 Ne4 1/2-1/2

[Event "RUS-ch Higher League 61st"]
[Site "Novokuznetsk"]
[Date "2008.09.04"]
[Round "2"]
[White "Deviatkin, Andrei"]
[Black "Klimov, Anton"]
[Result "1-0"]
[WhiteElo "2567"]
[BlackElo "2423"]
[PlyCount "121"]
[EventDate "2008.09.03"]
[EventType "swiss"]
[EventRounds "11"]
[EventCountry "RUS"]
[SourceTitle "CBM 126"]
[Source "ChessBase"]
[SourceDate "2008.10.01"]
[SourceVersion "1"]
[SourceVersionDate "2008.10.01"]
[SourceQuality "1"]

1. e4 c5 2. c3 Nf6 3. e5 Nd5 4. d4 cxd4 5. Qxd4 e6 6. Bd3 Nc6 7. Qe4 d6 8. exd6 Bxd6 9. Nf3 Nf6 10. Qh4 0-0 11. Bc2 Ne7 12. 0-0 Ng6 13. Bxg6 hxg6 14. Bg5 b6 15. Nbd2 Bb7 16. Rad1 Qe7 17. Rfe1 Rad8 18. Nd4 Ba8 19. N2f3 Bb8 20. Ne5 Rd5 21. Ndf3 Rxd1 22. Rxd1 Rd8 23. Rxd8+ Qxd8 24. Qh8+ Kxh8 25. Nxf7+ Kg8 26. Nxd8 Bd5 27. Nd4 e5 28. N4c6 Bd6 29. Nxa7 Bxa2 30. Nb5 Bc5 31. b4 Bxf2+ 32. Kxf2 Ne4+ 33. Ke3 Nxg5 34. Nc6 Nf7 35. Ne7+ Kf8 36. Nxg6+ Ke8 37. Nh4 Kd7 38. Nf5 g6 39. Ng3 Kc6 40. Na3 Nd6 41. Ne4 Nf5+ 42. Kd3 b5 43. g3 Kd5 44. Nf6+ Ke6 45. Ng4 Nd6 46. Ne3 g5 47. c4 bxc4+ 48. Nexc4 Bxc4+ 49. Nxc4 Nb5 50. Nd2 Nd4 51. Kc4 g4 52. b5 Kd7 53. Ne4 Nf3 54. Nf6+ Kd6 55. Nxg4 e4 56. h4 Nd2+ 57. Kb4 Nf1 58. h5 e3 59. Nxe3 Nxe3 60. h6 Nd5+ 61. Ka5 1-0

[Event "Paleochora op 1st"]
[Site "Paleochora"]
[Date "2008.07.24"]
[Round "5"]
[White "Klimov, Anton"]
[Black "Orlov, Andrey"]
[Result "1-0"]
[WhiteElo "2423"]
[BlackElo "2501"]
[PlyCount "80"]
[EventDate "2008.07.21"]
[EventType "swiss"]
[EventRounds "9"]
[EventCountry "GRE"]
[SourceTitle "CBM 125 Extra"]
[Source "ChessBase"]
[SourceDate "2008.09.01"]
[SourceVersion "1"]
[SourceVersionDate "2008.09.01"]
[SourceQuality "1"]

1. d4 Nf6 2. c4 e6 3. Nf3 b6 4. g3 Bb7 5. Bg2 Be7 6. Nc3 0-0 7. 0-0 Ne4 8. Bd2 Bf6 9. Rc1 c5 10. d5 exd5 11. cxd5 Nxd2 12. Nxd2 d6 13. Nde4 Be7 14. f4 a6 15. a4 Nd7 16. g4 Rb8 17. g5 Bc8 18. Qd2 b5 19. axb5 axb5 20. f5 f6 21. gxf6 gxf6 22. Ng3 Qe8 23. Rf4 Kh8 24. Rh4 Rg8 25. Rf1 Qf7 26. Kh1 b4 27. Nce4 Bb7 28. Nf2 Ne5 29. Be4 Nc4 30. Qe1 Bxd5 31. Bxd5 Qxd5+ 32. e4 Qf7 33. Ng4 Rxg4 34. Rxg4 Ne5 35. Rh4 c4 36. Nh5 c3 37. Nf4 cxb2 38. Qe2 Bf8 39. Rg1 Rb7 40. Ne6 Bg7 1-0

[Event "Izmailov Memorial op 12th"]
[Site "Tomsk"]
[Date "2008.06.25"]
[Round "1"]
[White "Shevtchenko, Olesya"]
[Black "Klimov, Anton"]
[Result "0-1"]
[WhiteElo "2061"]
[BlackElo "2394"]
[PlyCount "66"]
[EventDate "2008.06.25"]
[EventType "swiss"]
[EventRounds "9"]
[EventCountry "RUS"]
[SourceTitle "CBM 125 Extra"]
[Source "ChessBase"]
[SourceDate "2008.09.01"]
[SourceVersion "1"]
[SourceVersionDate "2008.09.01"]
[SourceQuality "1"]

1. Nf3 Nf6 2. c4 g6 3. b3 Bg7 4. Bb2 0-0 5. g3 c5 6. Bg2 Nc6 7. 0-0 d6 8. d4 Ne4 9. e3 Bg4 10. Nbd2 Ng5 11. Qc1 Nxf3+ 12. Nxf3 cxd4 13. Nxd4 Qd7 14. Nxc6 bxc6 15. Bxg7 Kxg7 16. Qb2+ Kg8 17. Rfe1 Rab8 18. Qd4 c5 19. Qd2 Rb4 20. e4 a5 21. e5 a4 22. exd6 exd6 23. Qc3 Rfb8 24. Rab1 Bf5 25. Rb2 Be6 26. Ree2 Qa7 27. Bc6 axb3 28. axb3 Bxc4 29. Ra2 Qc7 30. bxc4 Qxc6 31. Re1 Re8 32. Rea1 Qe4 33. Rc2 h5 0-1

[Event "RUS-chT2"]
[Site "Sochi"]
[Date "2008.04.05"]
[Round "3"]
[White "Lintchevski, Daniil"]
[Black "Klimov, Anton"]
[Result "1/2-1/2"]
[WhiteElo "2440"]
[BlackElo "2351"]
[PlyCount "76"]
[EventDate "2008.04.03"]
[EventType "team"]
[EventRounds "9"]
[EventCountry "RUS"]
[SourceTitle "CBM 123 Extra"]
[Source "ChessBase"]
[SourceDate "2008.05.06"]
[SourceVersion "1"]
[SourceVersionDate "2008.05.06"]
[SourceQuality "1"]

1. e4 c5 2. Nf3 d6 3. d4 cxd4 4. Nxd4 Nf6 5. Nc3 a6 6. Be3 e5 7. Nf3 Be7 8. Bc4 0-0 9. 0-0 Nc6 10. Qe2 Be6 11. Bb3 Na5 12. Rfd1 Qc7 13. Bg5 Rac8 14. Rac1 Nc4 15. Bxc4 Bxc4 16. Qd2 Rfd8 17. Bxf6 Bxf6 18. b3 Be6 19. Nd5 Bxd5 20. Qxd5 b5 21. c4 Qa5 22. cxb5 axb5 23. a4 Rc5 24. Qd2 Qxd2 25. Nxd2 Rxc1 26. Rxc1 bxa4 27. bxa4 Bg5 28. Rc2 Bxd2 29. Rxd2 Ra8 30. Ra2 Kf8 31. Kf1 Ke7 32. Ke2 d5 33. exd5 Kd6 34. a5 Ra6 35. Ke3 Kxd5 36. f4 exf4+ 37. Kxf4 Kc4 38. Ra1 Rf6+ 1/2-1/2

[Event "Sibiria Region-ch"]
[Site "Novokuznetsk"]
[Date "2008.03.21"]
[Round "9"]
[White "Dashibalov, Erdem"]
[Black "Klimov, Anton"]
[Result "1/2-1/2"]
[WhiteElo "2408"]
[BlackElo "2351"]
[PlyCount "47"]
[EventDate "2008.03.13"]
[EventType "swiss"]
[EventRounds "9"]
[EventCountry "RUS"]
[SourceTitle "CBM 123 Extra"]
[Source "ChessBase"]
[SourceDate "2008.05.06"]
[SourceVersion "1"]
[SourceVersionDate "2008.05.06"]
[SourceQuality "1"]

1. d4 Nf6 2. c4 g6 3. g3 Bg7 4. Bg2 0-0 5. Nc3 d6 6. Nf3 c6 7. 0-0 Qb6 8. h3 Qa6 9. b3 b5 10. Nd2 bxc4 11. Nxc4 Bb7 12. Bb2 Nbd7 13. Qd2 c5 14. d5 Nb6 15. Ne3 Rad8 16. Ng4 Nxg4 17. hxg4 e6 18. e4 Nd7 19. Nd1 Ne5 20. Ne3 exd5 21. exd5 Qd3 22. Qxd3 Nxd3 23. Bxg7 Kxg7 24. Rfd1 1/2-1/2

[Event "Moscow op-A 04th"]
[Site "Moscow"]
[Date "2008.02.07"]
[Round "6"]
[White "Klimov, Anton"]
[Black "Gubajdullin, Alexey"]
[Result "1-0"]
[WhiteElo "2351"]
[BlackElo "2504"]
[PlyCount "23"]
[EventDate "2008.02.02"]
[EventType "swiss"]
[EventRounds "9"]
[EventCountry "RUS"]
[SourceTitle "CBM 122 Extra"]
[Source "ChessBase"]
[SourceDate "2008.03.04"]
[SourceVersion "1"]
[SourceVersionDate "2008.03.04"]
[SourceQuality "1"]

1. d4 Nf6 2. c4 c5 3. d5 e5 4. Nc3 d6 5. e4 Be7 6. g3 0-0 7. Bg2 Ne8 8. Nge2 Bg5 9. f4 exf4 10. gxf4 Bf6 11. 0-0 Nd7 12. Be3 1-0

[Event "Moscow op-A 04th"]
[Site "Moscow"]
[Date "2008.02.06"]
[Round "5"]
[White "Isajevsky, Anton"]
[Black "Klimov, Anton"]
[Result "1/2-1/2"]
[WhiteElo "2469"]
[BlackElo "2351"]
[PlyCount "32"]
[EventDate "2008.02.02"]
[EventType "swiss"]
[EventRounds "9"]
[EventCountry "RUS"]
[SourceTitle "CBM 122 Extra"]
[Source "ChessBase"]
[SourceDate "2008.03.04"]
[SourceVersion "1"]
[SourceVersionDate "2008.03.04"]
[SourceQuality "1"]

1. e4 c5 2. d3 Nc6 3. g3 g6 4. Bg2 Bg7 5. Ne2 e6 6. c4 Nge7 7. Nbc3 0-0 8. 0-0 b6 9. Rb1 Bb7 10. Bg5 h6 11. Be3 Nd4 12. b4 Nxe2+ 13. Nxe2 cxb4 14. Qd2 d5 15. exd5 exd5 16. Qxb4 Nf5 1/2-1/2

[Event "Kuzbass-ch"]
[Site "Kemerovo"]
[Date "2007.12.17"]
[Round "3"]
[White "Grishenko, Vladimir"]
[Black "Klimov, Anton"]
[Result "0-1"]
[WhiteElo "2199"]
[BlackElo "2359"]
[PlyCount "110"]
[EventDate "2007.12.16"]
[EventType "swiss"]
[EventRounds "9"]
[EventCountry "RUS"]
[SourceTitle "CBM 122 Extra"]
[Source "ChessBase"]
[SourceDate "2008.03.04"]
[SourceVersion "1"]
[SourceVersionDate "2008.03.04"]
[SourceQuality "1"]

1. Nf3 Nf6 2. c4 g6 3. Nc3 Bg7 4. e4 d6 5. d4 0-0 6. Be2 Na6 7. 0-0 e5 8. Be3 Ng4 9. Bg5 Qe8 10. dxe5 h6 11. Bc1 dxe5 12. h3 Nf6 13. Be3 Qe7 14. a3 c6 15. b4 Nh5 16. Re1 Rd8 17. Qc2 Nc7 18. Rad1 Ne6 19. Rxd8+ Qxd8 20. Qd2 Qxd2 21. Nxd2 Nhf4 22. Bf1 Nd4 23. Rc1 a5 24. Kh2 axb4 25. axb4 b6 26. g3 Nfe6 27. h4 f5 28. Bh3 f4 29. Bxe6+ Bxe6 30. gxf4 exf4 31. Bxf4 Ra3 32. Be3 b5 33. cxb5 cxb5 34. Kg2 Bd7 35. Nd5 Ne6 36. Nf1 g5 37. Ng3 Be5 38. Ne7+ Kf7 39. Nef5 Nf4+ 40. Bxf4 gxf4 41. Nxh6+ Kg6 42. Ngf5 Rc3 43. Rxc3 Bxc3 44. Kf3 Bxb4 45. Kg4 Bc3 46. h5+ Kh7 47. Nf7 b4 48. N7d6 b3 49. Nc4 Be6 50. Na3 Bb4 51. Nb1 b2 52. Kxf4 Ba2 53. Ne3 Bxb1 54. Nd1 Ba3 55. Nc3 Bc2 0-1

[Event "Almaty Seimar op"]
[Site "Almaty"]
[Date "2007.08.24"]
[Round "7"]
[White "Nugumanov, Bakhtiyar"]
[Black "Klimov, Anton"]
[Result "1/2-1/2"]
[WhiteElo "2164"]
[BlackElo "2356"]
[PlyCount "61"]
[EventDate "2007.08.18"]
[EventType "swiss"]
[EventRounds "9"]
[EventCountry "KAZ"]
[SourceTitle "EXT 2022"]
[Source "ChessBase"]
[SourceDate "2021.10.06"]
[SourceVersion "1"]
[SourceVersionDate "2021.10.06"]
[SourceQuality "1"]

1. c4 g6 2. g3 Bg7 3. Bg2 Nf6 4. Nf3 0-0 5. 0-0 d6 6. Nc3 c6 7. d3 e5 8. Rb1 a5 9. a3 Re8 10. b4 axb4 11. axb4 d5 12. e4 dxc4 13. dxc4 Qe7 14. c5 Nbd7 15. Qc2 b6 16. Na4 bxc5 17. Nxc5 Nxc5 18. bxc5 Bf8 19. Bg5 h6 20. Bxf6 Qxf6 21. Qc3 Ra4 22. Rb4 Ra5 23. Rc4 Rb5 24. Qe3 Be6 25. Rc3 Reb8 26. h3 Ra8 27. Rfc1 Ra2 28. R1c2 Rbb2 29. Qd2 Rxc2 30. Rxc2 Rxc2 31. Qxc2 1/2-1/2

[Event "Almaty Seimar op"]
[Site "Almaty"]
[Date "2007.08.23"]
[Round "6"]
[White "Klimov, Anton"]
[Black "Uteshev, Arsen"]
[Result "1-0"]
[WhiteElo "2356"]
[BlackElo "2193"]
[PlyCount "60"]
[EventDate "2007.08.18"]
[EventType "swiss"]
[EventRounds "9"]
[EventCountry "KAZ"]
[SourceTitle "EXT 2022"]
[Source "ChessBase"]
[SourceDate "2021.10.06"]
[SourceVersion "1"]
[SourceVersionDate "2021.10.06"]
[SourceQuality "1"]

1. e4 c5 2. Nc3 Nc6 3. Bb5 g6 4. Bxc6 bxc6 5. d3 Bg7 6. f4 Nf6 7. Nf3 0-0 8. 0-0 d6 9. Qe1 Rb8 10. b3 Ba6 11. Bd2 Qc7 12. Qh4 Bc8 13. f5 Bd7 14. Bh6 Qa5 15. Ne2 Rb7 16. Ng5 gxf5 17. Nxh7 Bxh6 18. Nxf6+ Kg7 19. Nxd7 Rxd7 20. Ng3 Qd2 21. Nxf5+ Kh7 22. Rf3 e6 23. Nxh6 Qxh6 24. Qxh6+ Kxh6 25. Raf1 f5 26. exf5 exf5 27. Rxf5 Re8 28. R5f3 Re2 29. Rh3+ Kg6 30. Rg3+ Kh7 1-0

[Event "Almaty Seimar op"]
[Site "Almaty"]
[Date "2007.08.22"]
[Round "5"]
[White "Susliakov, Dmitriy"]
[Black "Klimov, Anton"]
[Result "1/2-1/2"]
[WhiteElo "2009"]
[BlackElo "2356"]
[PlyCount "59"]
[EventDate "2007.08.18"]
[EventType "swiss"]
[EventRounds "9"]
[EventCountry "KAZ"]
[SourceTitle "EXT 2022"]
[Source "ChessBase"]
[SourceDate "2021.10.06"]
[SourceVersion "1"]
[SourceVersionDate "2021.10.06"]
[SourceQuality "1"]

1. c4 g6 2. Nc3 Bg7 3. g3 Nf6 4. Bg2 0-0 5. e3 c5 6. Nge2 Nc6 7. 0-0 d6 8. a3 e5 9. Nd5 Nxd5 10. Bxd5 Bh3 11. Re1 Qe7 12. Nc3 Kh8 13. d3 f5 14. Bd2 g5 15. Bh1 Rae8 16. Nd5 Qf7 17. Bf3 f4 18. Bc3 Qf5 19. exf4 gxf4 20. Kh1 Qg6 21. Qe2 Qg5 22. Be4 Bg4 23. f3 Bh3 24. Qf2 Ne7 25. Kg1 Nxd5 26. Bxd5 Bf5 27. Rad1 fxg3 28. Qxg3 Qxg3+ 29. hxg3 b6 30. Kg2 1/2-1/2

[Event "Kemerovo"]
[Site "Kemerovo"]
[Date "2007.08.07"]
[Round "2"]
[White "Klimov, Anton"]
[Black "Karimov, Ibragim"]
[Result "0-1"]
[WhiteElo "2356"]
[BlackElo "2304"]
[PlyCount "122"]
[EventDate "2007.08.06"]
[EventType "tourn"]
[EventRounds "11"]
[EventCountry "RUS"]
[SourceTitle "CBM 119 Extra"]
[Source "ChessBase"]
[SourceDate "2007.09.04"]
[SourceVersion "1"]
[SourceVersionDate "2007.09.04"]
[SourceQuality "1"]

1. d4 c5 2. d5 e5 3. Nc3 d6 4. e4 a6 5. a4 Be7 6. Bd3 Bg5 7. Nf3 Bxc1 8. Qxc1 Nf6 9. 0-0 Nh5 10. Nd2 Nd7 11. Ne2 0-0 12. b3 g6 13. Nc4 Nb6 14. Nxb6 Qxb6 15. Kh1 f5 16. f4 fxe4 17. Bxe4 Bg4 18. Bf3 Bxf3 19. Rxf3 Rae8 20. Qf1 exf4 21. Nxf4 Rxf4 22. Rxf4 Nxf4 23. Qxf4 Qb4 24. Qf2 Qd4 25. Qxd4 cxd4 26. Kg1 Re5 27. Kf2 Rxd5 28. Ke2 Rh5 29. Rh1 Kf7 30. Kd3 Rf5 31. Kxd4 Rf2 32. c4 Rd2+ 33. Ke4 Rxg2 34. h4 Ke6 35. h5 g5 36. h6 Rg4+ 37. Kf3 Rh4 38. Re1+ Kd7 39. Rg1 Rxh6 40. Rxg5 Rh3+ 41. Ke4 Rxb3 42. Rh5 Kc6 43. a5 Ra3 44. Kd4 h6 45. Ke4 Rg3 46. Rxh6 Rg5 47. Kd4 Rxa5 48. Rh8 Ra1 49. Rc8+ Kd7 50. Ra8 Rd1+ 51. Kc3 d5 52. c5 d4+ 53. Kc2 Rh1 54. Kd3 Kc6 55. Rc8+ Kd5 56. Rc7 Rb1 57. Kc2 Rb5 58. Kd3 a5 59. Rc8 Rb3+ 60. Kd2 Kc4 61. Kc2 d3+ 0-1